Národohospodářské problémy komplexu výrobních odvětví zajišťujících životní úroveň metody a postupy při analýze a prognóze základních proporcí zemědělsko-průmyslového komplexu

Gespeichert in:
Bibliographische Detailangaben
1. Verfasser: Pytel, Josef
Format: Buch
Sprache:Tschechisch
Veröffentlicht: Praha Výzkumný ústav plánování a řízení národního hospodářství 1982
Schriftenreihe:Výzkumné práce č. 121
Tags: Tag hinzufügen
Keine Tags, Fügen Sie das erste Tag hinzu!

MARC

LEADER 00000nam a2200000 4500
001 c119049
005 20041019155213.1
041 0 |a cze 
044 |a CZ 
245 1 0 |a Národohospodářské problémy komplexu výrobních odvětví zajišťujících životní úroveň  |b metody a postupy při analýze a prognóze základních proporcí zemědělsko-průmyslového komplexu  |c Josef Pytel 
264 1 |a Praha  |b Výzkumný ústav plánování a řízení národního hospodářství  |c 1982 
300 |a 140 s. 
490 1 |a Výzkumné práce  |v č. 121 
830 0 |a Výzkumné práce  |v č. 121 
100 1 |a Pytel, Josef